000 00365nam a22001457a 4500
020 _a9788126541904
040 _cNUST
082 _a621.3813 POZ
100 _aPozar, David M.
_928227
245 _aMicrowave Engineering
250 _a4th Edition
260 _aNew Dehli:
_bJohn Wiley & Sons,
_c2015.
650 _aMicrowave Engineering
_91997
942 _2ddc
_cBK
999 _c594814
_d594814